| 000 | 01797nas a2200277Ia 4500 | ||
|---|---|---|---|
| 001 | R230-R2060 | ||
| 003 | IT-CnALBA | ||
| 008 | 170116c99999999xx |||||||||||| ||und|| | ||
| 040 |
_aIT-CnALBA _cIT-CnALBA |
||
| 041 | _aITALIANO | ||
| 100 | _aBONORA DON ANTONIO | ||
| 210 | _aTEOLOGIA | ||
| 222 | _aTEOLOGIA | ||
| 245 | 0 |
_aTEOLOGIA. N. III. ANNO XVII. 1992. RIVISTA DELLA FACOLTÀ TEOLOGICA DELL'ITALIA SETTENTRIONALE. _b RIVISTA DELLA FACOLTÀ TEOLOGICA DELL'ITALIA SETTENTRIONALE |
|
| 250 | _a1a ed. | ||
| 260 |
_aMILANO _bGLOSSA EDIZIONI _c1992 |
||
| 300 | _a93 p. | ||
| 310 | _aTRIMESTRALE | ||
| 362 | _aFascicolo: 3 / Anno: 17 (1992) | ||
| 500 | _aCARDINALE GIOVANNI COLOMBO, LETTERATURA E TEOLOGIA. FONTI DELLA TEOLOGIA SPIRITUALE. STORIA E SCUOLA DELLA SPIRITUALITÀ. INTRODUZIONE GENERALE ALLA BIBBIA, ISPIRAZIONE, INTRODUZIONE DI V. MANNUCCI, NOTA BIBLIOGRAFICA. DIFFICOLTÀ PER UNA CONCEZIONE TEOLOGICA DELLA BIBBIA. ESPERIENZA DI TEOLOGIA SPIRITUALE. NOZIONE DI ESPERIENZA SPIRITUALE. CHARLES ANDRÈ BERNARD. ESPERIENZA DEL TEOLOGO, DEL MISTICO, CONVERSIONE DEL TEOLOGO. EVIDENZA SIMBOLICA IN TEOLOGIA. | ||
| 501 | _aSocietà San Paolo EM - Piazza San Paolo, 14 - 12051 ALBA (CN) (non commercial uses only) ® Copyright 2017 | ||
| 520 | _aCARDINALE GIOVANNI COLOMBO, LETTERATURA E TEOLOGIA. FONTI DELLA TEOLOGIA SPIRITUALE. STORIA E SCUOLA DELLA SPIRITUALITÀ. INTRODUZIONE GENERALE ALLA BIBBIA, ISPIRAZIONE, INTRODUZIONE DI V. MANNUCCI, NOTA BIBLIOGRAFICA. DIFFICOLTÀ PER UNA CONCEZIONE TEOLOGICA DELLA BIBBIA. ESPERIENZA DI TEOLOGIA SPIRITUALE. NOZIONE DI ESPERIENZA SPIRITUALE. CHARLES ANDRÈ BERNARD. ESPERIENZA DEL TEOLOGO, DEL MISTICO, CONVERSIONE DEL TEOLOGO. EVIDENZA SIMBOLICA IN TEOLOGIA. | ||
| 650 | _aDOGMATICA CRISTIANA | ||
| 942 | _cCR | ||
| 957 | _71 | ||
| 999 |
_a12038 _bNO _g1 _c320135 _d320135 |
||